| 000 | 00701nam a2200193 a 4500 | ||
|---|---|---|---|
| 003 | 0 | ||
| 005 | 20250312193913.0 | ||
| 008 | 080724s19uu xx 00 eng d | ||
| 050 |
_aPGS HV 5748 _b.F221 2008 |
||
| 100 | _aFarcy, Fathima Yazmin B. | ||
| 245 |
_aFamily background of smokers and non-smokers / _cFathima Yazmin B. Farcy. |
||
| 260 |
_aLas PiƱas City, Philippines : _bSouthville International School and Colleges, _c2008. |
||
| 300 |
_a31 pages : _billustrations ; _c28 cm. |
||
| 504 | _aIncludes bibliographic references. | ||
| 650 |
_aSmoking _vFamily relationships. |
||
| 650 |
_aTobacco use _vPsychological aspects. |
||
| 650 | _aFamily influences on smoking. | ||
| 942 |
_2lcc _cPASS |
||
| 999 |
_c97919 _d97919 |
||